000 01239 a2200229 4500
001 28986
005 20260407155558.0
008 260407a1945 arg spa d
003 AR-UNSa-BCEJYS
040 _aAR-UNSa-BCEJYS
_bspa
_cAR-UNSa-BCEJYS
080 _a657
_xContabilidad
245 1 0 _aFundamentos de Contabilidad
250 _a2a. ed.
264 1 _aMéxico :
_bUnión Tipográfica Editorial Hispano-Americana (UTEHA)
_c1945
300 _a301 p.
_c25 cm.
505 _a1. Elementos básicos - 2. Diarización y pases - 3. La balanza de comprobación; clasificación de cuentas - 4. La hoja de trabajo y estados financieros sencillos - 5. Cuentas de mercancias y sus registros - 6. Caja; Descuentos por pagos al contado; Registros de caja - 7. Documentos de crédito comercial - 8. Asientos de ajuste - 9. Estados financieros - 10. Cierre de libros, reversión de asientos de cierre. Localización de errores - 11. Asociaciones - 12. Cuentas de control - 13. Inventarios de empresas mercantiles - 14. Contabilidad para organizaciones no mercantiles - 15. Preguntas de repaso general
041 _aspa
942 _cBK
590 _aniveau_biblio:m niveau_hierar:0
100 1 _aMartinez, Enrique
700 1 _aHimmelblau, David
999 _c1776
_d1776